| 000 | 00753nam a2200253Ia 4500 | ||
|---|---|---|---|
| 003 | OSt | ||
| 005 | 20220918201521.0 | ||
| 006 | a|||||r|||| 00| 0 | ||
| 007 | ta | ||
| 008 | 220917b |||||||| |||| 00| 0 eng d | ||
| 024 | _a94,535 | ||
| 037 | _cTextual | ||
| 040 |
_aARTS _cARTS _beng |
||
| 041 |
_2eng _aeng |
||
| 082 | _aV2.Ka, L5--;1 | ||
| 100 |
_aShafaat Ahmad Khan _999225 |
||
| 245 | 0 | _aSource for the history of British India in the seventeenth century | |
| 260 |
_aLondon _bCurzo Press _c1926 |
||
| 300 |
_aviii, 395p. _ccm. |
||
| 490 | _aAllahabad University studies in history ed by Shaffat Ahmad Khan; 4 | ||
| 650 | _aHISTORY | ||
| 942 |
_hV2.Ka, L5--;1 _cTEXL _2CC |
||
| 999 |
_c218160 _d218160 |
||